|
|
|
|
| LEADER |
01008nam a2200241 a 4500 |
| 001 |
13018926 |
| 008 |
020911s2000 bg 001 0 eng d |
| 010 |
|
|
|a \\2002291420
|
| 020 |
|
|
|a 9844330319
|
| 040 |
|
|
|a DLC
|c DLC
|d DLC
|
| 082 |
0 |
0 |
|a 338.91/095492
|2 21
|
| 100 |
1 |
|
|a Māhamuda, Ānu.
|
| 245 |
1 |
0 |
|a Bangladesh economic scenario /
|c Anu Mahmud.
|
| 260 |
|
|
|a Dhaka :
|b Hakkani Publishers,
|c 2000.
|
| 300 |
|
|
|a xii, 242 p. ;
|c 22 cm.
|
| 504 |
|
|
|a Includes index.
|
| 541 |
1 |
|
|e 00011122
|
| 650 |
|
0 |
|a Economic assistance
|z Bangladesh.
|
| 651 |
|
0 |
|a Bangladesh
|x Economic policy.
|
| 852 |
4 |
|
|a Ayesha Abed Library
|j General shelf
|
| 999 |
|
|
|c 5014
|d 5014
|
| 952 |
|
|
|0 0
|1 0
|2 ddc
|4 0
|6 338_910954920000000_MAH_2000
|7 0
|9 4838
|a BRACUL
|b BRACUL
|c GEN
|d 2009-11-03
|g 396.00
|l 4
|m 15
|o 338.91095492 MAH
|p 3010011122
|r 2018-04-25
|s 2018-03-14
|t 1
|w 2009-11-03
|y BK
|
| 952 |
|
|
|0 0
|1 0
|2 ddc
|4 0
|6 338_910000000000000_095492_MAH
|7 0
|9 43032
|a SCL
|b SCL
|c GEN
|d 2005-11-30
|g 395.00
|l 1
|m 1
|o 338.91095492 MAH
|p 3020005822
|r 2018-04-08
|s 2018-03-29
|t 2
|w 2014-07-08
|y BK
|